ZNÁMY I NEZNÁMY GOLDONI

Bibliographic Details
Main Author: Kopečný, Viliam, 1899-1980 (Author)
Format: Article
Language:Slovak
Subjects:

MARC

LEADER 00000nab a2200000Ia 4500
001 vtls010747333
003 SK-MaSNL
005 20260304212304.0
008 250718|1957 xo |||||||||||||||||slo|
035 |a (urnnbn)urn:nbn:sk:snk:ar-a00dta 
035 |a (uuid)b0178afe-3880-4827-b4c8-9d262308ef60 
035 |a urn:nbn:sk:snk-ab47ah 
040 |a SNKBUCL  |b slo  |c SNKBUCL  |e AACR2 
041 0 |a slo 
044 |a xo  |c SK 
080 |a 792.22  |2 2001 
080 |a 792  |2 2001 
100 1 |a Kopečný, Viliam,  |d 1899-1980  |4 aut  |9 152571 
245 1 0 |a ZNÁMY I NEZNÁMY GOLDONI  |c Viliam Kopečný 
600 1 7 |a Goldoni, Carlo,  |d 1707-1793  |2 SNKMA  |9 39267 
630 0 7 |a Mirandolina (divadlo)  |2 SNK  |9 1544182 
650 0 7 |a divadelná komédia  |2 SNKPH  |9 222612 
650 0 7 |a divadlo  |2 SNKPH  |9 3335 
773 0 |t Film a divadlo  |g Roč. 1, č. 4 (1957), s. 17 
850 |a Slovenská národná knižnica 
852 |a Slovenská národná knižnica 
954 |a odborná, vedecká literatúra pôvodná (slovenská)  |2 lita 
958 |a article3 
958 |a OND 
958 |a EUIPO 
999 |c 3130821  |d 3132751